000 00543nam a22001697a 4500
005 20231113094813.0
008 231113b |||||||| |||| 00| 0 eng d
020 _a0409060992
041 _aAfrikaans
082 _a345.5 VER
100 _aVerschoor, T en Alberts, RW
_lAfrikaans
245 _aMisdaad, Verweer en Straf /
_cT Verschoor en RW Alberts
260 _aDurban :
_bButterworth-Uitgewers (Edms) Bpk,
_c1986
300 _bxxxix, 246 pages ;
_c26 cm.
650 _aLegal practice
_bLaw
942 _cBK
_6ALISON_BN_VRIES
999 _c553
_d553